[Event "SRB-chT3 East"]
[Site "Serbia"]
[Date "2017.10.14"]
[Round "9.3"]
[White "Stojanovic, Goran"]
[Black "Trailovic, Mile"]
[Result "0-1"]
[WhiteElo "2044"]
[BlackElo "2094"]
[PlyCount "118"]
[EventDate "2017.09.03"]
[EventType "team-tourn"]
[EventRounds "11"]
[EventCountry "SRB"]
[SourceTitle "EXT 2022"]
[Source "ChessBase"]
[SourceDate "2021.10.06"]
[SourceVersion "1"]
[SourceVersionDate "2021.10.06"]
[SourceQuality "1"]

1. e4 e6 2. d4 d6 3. g3 Nf6 4. Bg2 c6 5. Be3 Be7 6. h3 b6 7. Ne2 Bb7 8. 0-0 Qc7 9. c4 Nbd7 10. Nbc3 a6 11. Rc1 Rc8 12. b4 Qb8 13. Qb3 Qa8 14. a3 0-0 15. f4 c5 16. d5 Rfe8 17. Bf2 Bf8 18. Rfe1 Rc7 19. Nb1 exd5 20. exd5 Rb8 21. Qd3 Rbc8 22. Nd2 b5 23. cxb5 axb5 24. Qxb5 Bxd5 25. Bxd5 Qxd5 26. Red1 Qe6 27. Kh2 Ra7 28. Qd3 Rca8 29. Nb1 Rb7 30. Qf3 Rab8 31. bxc5 dxc5 32. Nbc3 Rb3 33. a4 Nb6 34. f5 Qc8 35. Qf4 Rb4 36. Qf3 Nxa4 37. Nxa4 Rxa4 38. g4 Ne4 39. Nc3 Nxf2 40. Nxa4 Nxd1 41. Rxd1 Rb4 42. Nc3 Rb3 43. Rc1 Bd6+ 44. Kh1 Be5 45. g5 Rxc3 46. Rxc3 Bxc3 47. Qxc3 Qxf5 48. Qe3 Qc8 49. h4 c4 50. Qc3 Qg4 51. Qe1 Qe6 52. Qg3 h5 53. gxh6 Qxh6 54. Qb8+ Kh7 55. Qd8 Qc1+ 56. Kg2 Qc2+ 57. Kg1 Qd3 58. Qc7 f6 59. Qa5 Qg3+ 0-1

[Event "SRB-chT3 East"]
[Site "Serbia"]
[Date "2017.10.12"]
[Round "6.3"]
[White "Stojanovic, Dragisa P"]
[Black "Trailovic, Mile"]
[Result "1-0"]
[WhiteElo "2148"]
[BlackElo "2094"]
[PlyCount "66"]
[EventDate "2017.09.03"]
[EventType "team-tourn"]
[EventRounds "11"]
[EventCountry "SRB"]
[SourceTitle "EXT 2022"]
[Source "ChessBase"]
[SourceDate "2021.10.06"]
[SourceVersion "1"]
[SourceVersionDate "2021.10.06"]
[SourceQuality "1"]

1. e4 c5 2. Nf3 Nc6 3. d4 cxd4 4. Nxd4 Nf6 5. Nc3 g6 6. Be3 Bg7 7. f3 0-0 8. Qd2 d6 9. 0-0-0 Bd7 10. h4 h5 11. g4 Kh7 12. Nd5 Ne5 13. Nxf6+ Bxf6 14. gxh5 gxh5 15. Bg5 Bg7 16. Be2 Rc8 17. Qb4 Nc6 18. Nxc6 Rxc6 19. Be3 b5 20. Rd5 f5 21. Rxb5 e6 22. exf5 exf5 23. Bd3 Ra6 24. Bg5 Qc8 25. Rb8 Qxb8 26. Qxb8 Rxb8 27. Bxa6 Bxb2+ 28. Kd2 Rb6 29. Bc4 Bc6 30. Bd3 Bd7 31. Re1 Kg6 32. Bc4 Bc6 33. Re6+ Kg7 1-0

[Event "SRB-chT3 East CS"]
[Site "Kladovo"]
[Date "2016.10.16"]
[Round "11.11"]
[White "Trailovic, Mile"]
[Black "Todorovic, Zoran D"]
[Result "1/2-1/2"]
[WhiteElo "2080"]
[BlackElo "2091"]
[PlyCount "80"]
[EventDate "2016.09.04"]
[EventType "team-tourn"]
[EventRounds "11"]
[EventCountry "SRB"]
[SourceTitle "EXT 2021"]
[Source "ChessBase"]
[SourceDate "2020.10.23"]
[SourceVersion "1"]
[SourceVersionDate "2020.10.23"]
[SourceQuality "1"]

1. e4 c5 2. Nc3 Nc6 3. g3 g6 4. Bg2 Bg7 5. Nge2 e6 6. f4 Nge7 7. e5 d5 8. exd6 Nf5 9. Ne4 Qa5 10. c3 Bd7 11. Qb3 0-0-0 12. Qc4 Be8 13. Qxc5 Qxc5 14. Nxc5 Nxd6 15. d4 b6 16. Ne4 Nf5 17. Kf2 f6 18. h4 h5 19. Bh3 Bf7 20. Re1 Rhe8 21. Ng1 e5 22. dxe5 fxe5 23. Nf3 Bd5 24. fxe5 Bxe5 25. Bxf5+ gxf5 26. Neg5 Bf6 27. Bf4 a5 28. Re3 Rxe3 29. Bxe3 b5 30. a3 b4 31. axb4 axb4 32. Nh7 Bg7 33. cxb4 Nxb4 34. Bd4 Bxd4+ 35. Nxd4 Be4 36. Rc1+ Kb7 37. Rc4 Nd3+ 38. Kg1 Ne5 39. Rb4+ Ka6 40. Ng5 Ba8 1/2-1/2

[Event "SRB-chT3 East CS"]
[Site "Kladovo"]
[Date "2016.10.14"]
[Round "7.11"]
[White "Trailovic, Mile"]
[Black "Milunovic, Toni"]
[Result "0-1"]
[WhiteElo "2080"]
[BlackElo "2266"]
[PlyCount "88"]
[EventDate "2016.09.04"]
[EventType "team-tourn"]
[EventRounds "11"]
[EventCountry "SRB"]
[SourceTitle "EXT 2021"]
[Source "ChessBase"]
[SourceDate "2020.10.23"]
[SourceVersion "1"]
[SourceVersionDate "2020.10.23"]
[SourceQuality "1"]

1. e4 e6 2. d3 d5 3. Bd2 Nf6 4. Nc3 Bc5 5. h3 Nc6 6. g3 d4 7. Nce2 Qd6 8. Bg2 e5 9. f4 Nd7 10. Nf3 f6 11. 0-0 h6 12. f5 a5 13. g4 Bb4 14. Bc1 a4 15. a3 Ba5 16. Ng3 Ne7 17. h4 c5 18. g5 hxg5 19. hxg5 c4 20. Kf2 cxd3 21. cxd3 Nc5 22. Rh1 Rxh1 23. Nxh1 Bd7 24. Ke2 Bb5 25. Nf2 Qa6 26. Bf1 Rc8 27. Ne1 Nb3 28. Rb1 Qc6 29. Kf3 Nxc1 30. Kg3 Kd7 31. Ng4 Nb3 32. Nf3 Kc7 33. Be2 Kb8 34. Qh1 Qc2 35. Qf1 Rc6 36. Rd1 Qxb2 37. Kh4 Qxa3 38. Qh3 Qb2 39. Kg3 Qxe2 40. Rh1 Qxd3 41. gxf6 gxf6 42. Nxf6 Rc3 43. Kg4 Qe3 44. Qh8+ Ka7 0-1

[Event "SRB-chT3 East"]
[Site "Serbia"]
[Date "2015.10.15"]
[Round "6.51"]
[White "Milunovic, Toni"]
[Black "Trailovic, Mile"]
[Result "1-0"]
[WhiteElo "2264"]
[BlackElo "2099"]
[PlyCount "94"]
[EventDate "2015.09.06"]
[EventType "team-tourn"]
[EventRounds "11"]
[EventCountry "SRB"]
[SourceTitle "EXT 2022"]
[Source "ChessBase"]
[SourceDate "2021.10.06"]
[SourceVersion "1"]
[SourceVersionDate "2021.10.06"]
[SourceQuality "1"]

1. c4 Nf6 2. Nc3 g6 3. e4 d6 4. d4 Bg7 5. h3 0-0 6. Be3 Nbd7 7. g4 c6 8. Qd2 Re8 9. g5 Nh5 10. Be2 e5 11. Bxh5 gxh5 12. d5 Nf8 13. Nge2 h4 14. 0-0-0 c5 15. f4 exf4 16. Nxf4 a6 17. Nh5 Ng6 18. Rdf1 Re5 19. Rf3 b5 20. Rhf1 Ra7 21. cxb5 axb5 22. Nxb5 Rxa2 23. Kb1 Ra8 24. Rxf7 Re7 25. Rxg7+ Rxg7 26. Nxg7 Kxg7 27. Rf6 Ra6 28. Bf4 Qe7 29. Qe3 Ne5 30. Qc3 Kg8 31. Bxe5 Qxe5 32. Qxe5 dxe5 33. Rf2 Bxh3 34. Nc7 Rg6 35. Rh2 Bd7 36. Rxh4 Rxg5 37. Rh6 Ba4 38. Ka2 Rg3 39. b3 Bxb3+ 40. Kb2 c4 41. Nb5 Rg2+ 42. Kc3 Rg3+ 43. Kb4 Bc2 44. Rh5 Bxe4 45. Rxe5 Bd3 46. d6 Rg7 47. Kc5 Bf1 1-0

[Event "SRB-chT2 East"]
[Site "Leskovac"]
[Date "2014.09.27"]
[Round "4.4"]
[White "Trailovic, Mile"]
[Black "Nikolic, Stanimir"]
[Result "0-1"]
[WhiteElo "2128"]
[BlackElo "2251"]
[PlyCount "73"]
[EventDate "2014.09.25"]
[EventType "team-swiss"]
[EventRounds "6"]
[EventCountry "SRB"]
[SourceTitle "EXT 2015"]
[Source "ChessBase"]
[SourceDate "2014.11.20"]
[SourceVersion "1"]
[SourceVersionDate "2014.11.20"]
[SourceQuality "1"]

1. e4 d6 2. Nc3 g6 3. g3 Bg7 4. Bg2 c5 5. Nge2 Nc6 6. 0-0 Bd7 7. h3 Rb8 8. Kh2 b5 9. f4 e6 10. d3 b4 11. Nb1 Nge7 12. Nd2 0-0 13. g4 f5 14. Ng3 Qc7 15. Nf3 Rbe8 16. a4 Nd4 17. Rb1 Bxa4 18. Rf2 Bd7 19. Ng1 a5 20. Bd2 Nb5 21. N1e2 c4 22. Be3 Rc8 23. d4 c3 24. b3 Na3 25. Rc1 a4 26. gxf5 exf5 27. e5 axb3 28. cxb3 Rfd8 29. Qh1 Be8 30. h4 Bf7 31. h5 Bxb3 32. Rg1 Bf7 33. e6 Bxe6 34. d5 Bf7 35. Bf3 Nc2 36. Nf1 Nxe3 37. Nxe3 0-1

[Event "SRB-chT2 East"]
[Site "Zajecar"]
[Date "2013.10.12"]
[Round "4"]
[White "Trailovic, Mile"]
[Black "Delchev, Aleksander"]
[Result "0-1"]
[WhiteElo "2149"]
[BlackElo "2643"]
[PlyCount "126"]
[EventDate "2013.10.10"]
[EventType "team-swiss"]
[EventRounds "8"]
[EventCountry "SRB"]
[SourceTitle "EXT 2014"]
[Source "ChessBase"]
[SourceDate "2013.11.20"]
[SourceVersion "1"]
[SourceVersionDate "2013.11.20"]
[SourceQuality "1"]

1. e4 c5 2. Nc3 Nc6 3. g3 g6 4. Bg2 Bg7 5. Nge2 Rb8 6. 0-0 b5 7. d3 d6 8. h3 b4 9. Nb1 e6 10. Nd2 Nge7 11. f4 0-0 12. Kh2 a5 13. Nf3 f5 14. g4 Qc7 15. Rb1 Nd4 16. Nfxd4 cxd4 17. Ng3 Rb5 18. Rf2 Rc5 19. Bf3 Bd7 20. Qd2 Bh6 21. exf5 exf5 22. g5 Bg7 23. a3 Rc8 24. Bd1 Nd5 25. axb4 axb4 26. Nf1 Qa7 27. Qe1 Qa2 28. Nd2 Ne3 29. c4 Re8 30. Re2 h6 31. Bb3 Qa8 32. gxh6 Bxh6 33. Qf2 Bxf4+ 34. Kg1 Bh6 35. Nf3 f4 36. Bd2 Rh5 37. Bxe3 dxe3 38. Qg2 Kh7 39. h4 Bc6 40. Rf1 Rxh4 41. d4 Be4 42. Bc2 Rh5 43. Bxe4 Qxe4 44. Qg4 Qf5 45. Rg2 Qxg4 46. Rxg4 Ra5 47. Re1 b3 48. Kf1 Rc8 49. Rc1 Rca8 50. Ke2 Ra2 51. Rb1 Ra1 52. Rgg1 Rxb1 53. Rxb1 g5 54. Nh2 Kg6 55. Kd3 Kf5 56. Rg1 Bg7 57. Ng4 Rh8 58. Rg2 Rh4 59. Nh2 g4 60. Nf1 Rh1 61. Nh2 Rd1+ 62. Kc3 Bxd4+ 63. Kxb3 Rd2 0-1

[Event "SRB-chT2 East"]
[Site "Zajecar"]
[Date "2013.10.12"]
[Round "5.51"]
[White "Trailovic, Mile"]
[Black "Nikolic, Stanimir"]
[Result "0-1"]
[WhiteElo "2149"]
[BlackElo "2261"]
[PlyCount "61"]
[EventDate "2013.10.10"]
[EventType "team-swiss"]
[EventRounds "8"]
[EventCountry "SRB"]
[SourceTitle "EXT 2015"]
[Source "ChessBase"]
[SourceDate "2014.11.20"]
[SourceVersion "1"]
[SourceVersionDate "2014.11.20"]
[SourceQuality "1"]

1. e4 e5 2. Nc3 Nf6 3. g3 Nc6 4. Bg2 Bc5 5. h3 a6 6. Nge2 d6 7. 0-0 0-0 8. Kh2 b5 9. a3 Rb8 10. f4 Re8 11. d3 a5 12. g4 b4 13. axb4 axb4 14. Nb1 Nxg4+ 15. Kg3 Ne3 16. Bxe3 Bxe3 17. f5 Nd4 18. Nxd4 exd4 19. Kh2 Qg5 20. Qe1 d5 21. Ra5 dxe4 22. Bxe4 Bb7 23. Qg3 Qxg3+ 24. Kxg3 Bxe4 25. dxe4 Rxe4 26. Rc5 Rb7 27. Rc4 h5 28. Rf3 h4+ 29. Kg2 Re5 30. Rc6 Ra5 31. c3 0-1

[Event "SRB-CupT Central"]
[Site "Serbia"]
[Date "2013.04.27"]
[Round "6.4"]
[White "Bura, Goran"]
[Black "Trailovic, Mile"]
[Result "0-1"]
[WhiteElo "2209"]
[BlackElo "2141"]
[PlyCount "106"]
[EventDate "2013.03.24"]
[EventType "team-tourn"]
[EventRounds "8"]
[EventCountry "SRB"]
[SourceTitle "EXT 2018"]
[Source "ChessBase"]
[SourceDate "2017.10.13"]
[SourceVersion "1"]
[SourceVersionDate "2017.10.13"]
[SourceQuality "1"]

1. Nf3 d6 2. d4 Nf6 3. Nc3 g6 4. e4 Bg7 5. h3 0-0 6. Be3 h6 7. Bd3 Nc6 8. a3 e5 9. dxe5 Nxe5 10. Be2 Be6 11. Nd4 Bc4 12. f4 Bxe2 13. Qxe2 Ned7 14. 0-0-0 Re8 15. f5 Ne5 16. g4 Nfd7 17. g5 h5 18. f6 Bf8 19. Nd5 Nc5 20. Nf5 Nxe4 21. Nfe7+ Bxe7 22. Nxe7+ Rxe7 23. fxe7 Qxe7 24. Qg2 Nc6 25. Rhe1 Re8 26. Kb1 Qe6 27. Ka1 a6 28. Bc1 Qe5 29. Qg1 Re6 30. Qe3 b5 31. Qf4 Qxf4 32. Bxf4 Nf2 33. Rxe6 fxe6 34. Rf1 Ne4 35. Re1 d5 36. Bxc7 Nd4 37. Kb1 Nf3 38. Re3 Nfxg5 39. h4 Nf7 40. a4 Nh6 41. axb5 axb5 42. Ra3 Nf5 43. Bd8 Kf7 44. Ra8 e5 45. Rb8 Ned6 46. Bg5 d4 47. Kc1 Ke6 48. Rg8 Kf7 49. Rh8 Ne4 50. Bd8 Nf6 51. Bc7 Ke6 52. Rb8 Nxh4 53. Rxb5 Nf3 0-1

[Event "SRB-CupT Central"]
[Site "Serbia"]
[Date "2013.04.27"]
[Round "7.3"]
[White "Trailovic, Mile"]
[Black "Stankovic, Dragan P"]
[Result "0-1"]
[WhiteElo "2141"]
[BlackElo "2269"]
[PlyCount "60"]
[EventDate "2013.03.24"]
[EventType "team-tourn"]
[EventRounds "8"]
[EventCountry "SRB"]
[SourceTitle "EXT 2018"]
[Source "ChessBase"]
[SourceDate "2017.10.13"]
[SourceVersion "1"]
[SourceVersionDate "2017.10.13"]
[SourceQuality "1"]

1. e4 c5 2. Nc3 Nc6 3. g3 g6 4. Bg2 Bg7 5. Nge2 e6 6. f4 d6 7. 0-0 Nge7 8. h3 0-0 9. d3 Rb8 10. g4 f5 11. Ng3 Nd4 12. Nb1 Bd7 13. c3 Ndc6 14. Nd2 Qc7 15. Nf3 Nd8 16. Qe2 Nf7 17. gxf5 gxf5 18. Nh5 Rbe8 19. Qf2 Ng6 20. exf5 exf5 21. Qg3 Bc6 22. Rf2 Re6 23. Bd2 b5 24. Kh2 Ba8 25. Rg1 Qe7 26. Nxg7 Kxg7 27. Ng5 Nxg5 28. Bxa8 Nxh3 29. Qxh3 Rxa8 30. Rfg2 Re2 0-1

[Event "SRB-chT2 East"]
[Site "Serbia"]
[Date "2010.09.26"]
[Round "3"]
[White "Kalcic, Krsta"]
[Black "Trailovic, Mile"]
[Result "1-0"]
[WhiteElo "2215"]
[BlackElo "2153"]
[PlyCount "65"]
[EventDate "2010.09.11"]
[EventType "team"]
[EventRounds "11"]
[EventCountry "SRB"]
[SourceTitle "EXT 2012"]
[Source "ChessBase"]
[SourceDate "2011.11.24"]
[SourceVersion "1"]
[SourceVersionDate "2011.11.24"]
[SourceQuality "1"]

1. e4 c5 2. Nf3 e6 3. d4 cxd4 4. Nxd4 a6 5. Bd3 Qc7 6. 0-0 Nf6 7. Qe2 h5 8. Kh1 Bc5 9. Nb3 Ba7 10. c4 Nc6 11. Nc3 Ng4 12. f4 d6 13. Nd1 Bd7 14. Ne3 Nb4 15. Nxg4 Nxd3 16. Ne3 Nxc1 17. Raxc1 Bc6 18. Nd5 Qd8 19. f5 exd5 20. exd5+ Kf8 21. dxc6 bxc6 22. Rcd1 Qf6 23. Na5 h4 24. Nxc6 Bb6 25. Nb4 Re8 26. Qd3 h3 27. gxh3 Bc5 28. Nxa6 Qxb2 29. Nxc5 dxc5 30. f6 Rh5 31. fxg7+ Kxg7 32. Qf3 Kh6 33. Qxf7 1-0

[Event "SRB-chT2 East"]
[Site "Serbia"]
[Date "2010.09.19"]
[Round "2"]
[White "Trailovic, Mile"]
[Black "Nesic, Nebojsa"]
[Result "1-0"]
[WhiteElo "2153"]
[BlackElo "2138"]
[PlyCount "53"]
[EventDate "2010.09.11"]
[EventType "team"]
[EventRounds "11"]
[EventCountry "SRB"]
[SourceTitle "EXT 2012"]
[Source "ChessBase"]
[SourceDate "2011.11.24"]
[SourceVersion "1"]
[SourceVersionDate "2011.11.24"]
[SourceQuality "1"]

1. e4 e6 2. d3 d5 3. Bd2 Nc6 4. Nc3 Nf6 5. g3 e5 6. h3 dxe4 7. dxe4 Bb4 8. Bg2 Be6 9. Nge2 Qd7 10. a3 Bc5 11. Bg5 Nd4 12. Bxf6 gxf6 13. Nd5 0-0-0 14. Nxd4 Bxd4 15. c3 Bc5 16. b4 Bf8 17. c4 f5 18. Qe2 f4 19. Rd1 Qc6 20. 0-0 Rg8 21. Rd3 Bd7 22. Rfd1 fxg3 23. fxg3 Qh6 24. Qf2 Rg6 25. Qxf7 Rd6 26. c5 Be6 27. Qxc7# 1-0

[Event "SRB-chT2 East"]
[Site "Pozarevac"]
[Date "2009.10.10"]
[Round "10.2"]
[White "Markovic, Marko"]
[Black "Trailovic, Mile"]
[Result "1-0"]
[WhiteElo "2312"]
[BlackElo "2154"]
[PlyCount "89"]
[EventDate "2009.09.06"]
[EventType "team"]
[EventRounds "11"]
[EventCountry "SRB"]
[SourceTitle "EXT 2012"]
[Source "ChessBase"]
[SourceDate "2011.11.24"]
[SourceVersion "1"]
[SourceVersionDate "2011.11.24"]
[SourceQuality "1"]

1. e4 d6 2. d4 Nf6 3. Nc3 a6 4. Bg5 h6 5. Bh4 g6 6. e5 Nh7 7. Bc4 Bg7 8. Qe2 dxe5 9. dxe5 c6 10. Rd1 Qa5 11. f4 Qc7 12. Nf3 0-0 13. 0-0 Re8 14. Kh1 Nf8 15. h3 b5 16. Bb3 Ne6 17. Bg3 Nd7 18. Bxe6 fxe6 19. Qe4 Nf8 20. Bf2 Bb7 21. Bc5 a5 22. Nh4 Kf7 23. Rf3 Red8 24. Re1 Rd5 25. Nxd5 cxd5 26. Qd4 Ra6 27. c3 b4 28. a3 b3 29. a4 Rc6 30. Ba3 Rc4 31. Qd3 Re4 32. Qd2 Rxa4 33. Qf2 Kg8 34. Qg3 Kh7 35. Rd3 Re4 36. Nf3 g5 37. fxg5 Ng6 38. Rde3 h5 39. Nd4 Bxe5 40. Qf3 Kg8 41. Nxe6 Qc8 42. Rxe4 dxe4 43. Qf5 Qe8 44. Rd1 Bc8 45. Rd8 1-0

[Event "SRB-chT2 East"]
[Site "Pozarevac"]
[Date "2009.10.08"]
[Round "6.4"]
[White "Trailovic, Mile"]
[Black "Stankovic, Ivan G"]
[Result "1-0"]
[WhiteElo "2154"]
[BlackElo "2121"]
[PlyCount "67"]
[EventDate "2009.09.06"]
[EventType "team"]
[EventRounds "11"]
[EventCountry "SRB"]
[SourceTitle "EXT 2012"]
[Source "ChessBase"]
[SourceDate "2011.11.24"]
[SourceVersion "1"]
[SourceVersionDate "2011.11.24"]
[SourceQuality "1"]

1. e4 g6 2. Nc3 Bg7 3. g3 c5 4. Bg2 Nc6 5. Nge2 d6 6. h3 e5 7. 0-0 Nge7 8. f4 0-0 9. g4 f5 10. gxf5 gxf5 11. d3 Ng6 12. fxe5 dxe5 13. exf5 Rxf5 14. Rxf5 Bxf5 15. Ng3 Qd4+ 16. Kh2 Be6 17. Nce4 Nf4 18. Ne2 Nxe2 19. Qxe2 c4 20. Be3 Qxb2 21. Rg1 cxd3 22. Qxd3 Kh8 23. Ng5 Bg8 24. Be4 h6 25. Qe2 Rf8 26. Qg4 Qa3 27. Ne6 Rf7 28. Bc5 Qc3 29. Bf8 Qd2+ 30. Kh1 Qd7 31. Bxg7+ Rxg7 32. Qxg7+ Qxg7 33. Nxg7 Bxa2 34. Nh5 1-0

[Event "SRB-chT2 East"]
[Site "Pozarevac"]
[Date "2009.09.27"]
[Round "4.5"]
[White "Trailovic, Mile"]
[Black "Colic, Ninoslav"]
[Result "1-0"]
[WhiteElo "2154"]
[BlackElo "2273"]
[PlyCount "60"]
[EventDate "2009.09.06"]
[EventType "team"]
[EventRounds "11"]
[EventCountry "SRB"]
[SourceTitle "EXT 2012"]
[Source "ChessBase"]
[SourceDate "2011.11.24"]
[SourceVersion "1"]
[SourceVersionDate "2011.11.24"]
[SourceQuality "1"]

1. e4 Nf6 2. Qe2 e5 3. Nf3 Nc6 4. d3 Bc5 5. h3 Qe7 6. Bg5 h6 7. Bh4 g5 8. Bg3 d6 9. c3 Be6 10. Nbd2 a5 11. Nc4 a4 12. Ne3 Bb6 13. Nc2 Bd7 14. 0-0-0 0-0-0 15. Nd2 Kb8 16. Nc4 Ba7 17. N2a3 Bc5 18. Nc2 Ba7 19. Kb1 Rde8 20. N2e3 Be6 21. Qc2 Bxe3 22. Nxe3 a3 23. bxa3 d5 24. exd5 Nxd5 25. Nxd5 Bxd5 26. Qb2 f6 27. Ka1 Qc5 28. f3 Qa5 29. Rb1 b6 30. Be2 Kb7 1-0

[Event "SRB-chT3 East"]
[Site "Kladovo"]
[Date "2008.10.25"]
[Round "9.1"]
[White "Trailovic, Mile"]
[Black "Zivkovic, Dejan"]
[Result "0-1"]
[WhiteElo "2171"]
[BlackElo "2162"]
[PlyCount "60"]
[EventDate "2008.09.14"]
[EventType "team"]
[EventRounds "11"]
[EventCountry "SRB"]
[SourceTitle "EXT 2012"]
[Source "ChessBase"]
[SourceDate "2011.11.24"]
[SourceVersion "1"]
[SourceVersionDate "2011.11.24"]
[SourceQuality "1"]

1. e4 c6 2. Nc3 d5 3. f3 e6 4. g3 g6 5. Bg2 Bg7 6. Nh3 Ne7 7. Nf2 b6 8. d3 Bb7 9. 0-0 0-0 10. Bf4 b5 11. Qd2 f5 12. Bh6 Nd7 13. Rae1 e5 14. exf5 Bxh6 15. Qxh6 Nxf5 16. Qd2 Qb6 17. Kh1 Rae8 18. Ncd1 c5 19. Ng4 Kg7 20. c3 h5 21. Nge3 d4 22. Nxf5+ Rxf5 23. cxd4 cxd4 24. f4 Ref8 25. Bxb7 Qxb7+ 26. Kg1 R8f7 27. Rf2 exf4 28. gxf4 Qd5 29. Re4 Nc5 30. Ree2 Qd6 0-1